00945nam a2200181 a 450000100100000000500170001000800410002704000250006808200160009311000540010924000180016324500720018126001050025330000200035850502540037895201140063299900170074600003202820200930063353.0100226s1979 dr 001 0 spa d aDO-SdBNPbspacBNPHU axxxxbR426l1 aRepública Dominicana.bCongreso Nacional91650113a[Leyes, etc.]10aLey no.2569, modificada, de impuesto sobre sucesiones y donaciones. aCiudad Trujillo, República Dominicana :bDirección General del Impuesto Sobre Beneficios,c1979. a38 p. ;c20 cm.0 g1tLey no. 985 sobre filiación de los hijos naturales ;g2tJurisprudencia actual relacionada con la aplicación del impuesto sobre sucesiones y donaciones ;g3tÍndice de la legislación del inpuesto sobre sucesiones, particiones y donaciones 0010718PDaPDbPDcCTd2011-07-12iLF1l0oxxxx R426lp32028-10r2020-06-25w2020-06-25yLFPDZNo se presta c31519d31519